[Event "GEO chT Clubs 2017"]
[Site "Tbilisi"]
[Date "2017.12.01"]
[Round "3"]
[White "Lortkipanidze, Nodar"]
[Black "Petriashvili, Nikoloz"]
[Result "1-0"]
[WhiteElo "2225"]
[BlackElo "2180"]
[Annotator "TA"]
[PlyCount "101"]
[EventDate "2017.??.??"]
[EventCountry "GEO"]
[SourceTitle "playchess.com"]
[Source "ChessBase"]
[SourceQuality "1"]

{[%evp 9,101,0,-3,-3,0,-10,-13,-14,-4,-8,13,8,36,20,16,14,52,6,27,9,42,20,20,20,20,14,20,0,-2,-16,-14,-11,0,-144,-143,-132,-129,-113,-108,-120,-135,-115,0,-180,-176,-180,-197,-299,-151,-301,-293,-389,-72,-72,0,0,0,0,150,41,64,45,45,45,150,150,295,295,285,285,279,282,293,287,304,291,483,283,804,791,710,684,681,679,658,667,638,647,727,720,728,714,770,772]} 1. d4 Nf6 2. Nc3 d5 3. Bg5 b6 (3... c5 4. e3 Nc6 5. Bxf6 gxf6 6. Nf3 Bg4 7. h3 cxd4 8. exd4 Bxf3 9. Qxf3 Nxd4 10. Qg4 Nc6 11. O-O-O e6 12. Bc4 Qd7 13. Bxd5 exd5 14. Nxd5 Qxg4 15. Nxf6+ {½-½ (49) Nakamura,H (2779)-Bu,X (2705) Doha 2016}) 4. Bxf6 gxf6 5. g3 $146 ({Predecessor:} 5. e4 dxe4 6. d5 Bg7 7. Nxe4 Nd7 8. Bb5 Kf8 9. Nf3 Nc5 10. Nxc5 bxc5 11. O-O Qd6 12. Qd3 Qf4 13. Rfe1 Qd6 14. g3 {½-½ (14) Napoli,N (2334)-Sbraccia,G (2091) Di Roseto 2010}) 5... Bb7 6. Bg2 {D01: Veresov Opening} f5 7. Nf3 Nd7 8. O-O {The position is equal.} e6 9. e3 h5 10. h4 Nf6 11. Ne2 Bd6 12. Nf4 a6 13. c3 Qe7 14. a4 O-O-O 15. Qe2 Rdg8 16. Ng5 Ne4 17. Nxe4 fxe4 18. a5 b5 $1 19. b3 Kb8 20. c4 c6 {[%cal Bc7c6,Bc6d5][%mdl 32]} 21. Nxh5 (21. Rfd1 $11 {remains equal.}) 21... f6 $1 $17 {[%cal Bf7f6,Bf6e5][%mdl 32]} 22. Nf4 e5 $1 {[%cal Re5f4]} 23. dxe5 fxe5 24. Nxd5 cxd5 25. cxb5 axb5 (25... Ka7 $17 26. Rfd1 Qd7 27. b6+ Kb8) 26. a6 $2 (26. Qxb5 $11 {and White has nothing to worry.} Qe8 27. Qxe8+ Rxe8 28. a6) 26... Bc6 $19 27. Rfc1 Qd7 $1 28. Kh2 (28. a7+ $142 Ka8 29. Ra6) 28... Be7 ({Better is} 28... Ka7 $19 29. Qd2 Ba8) 29. Qc2 {[#]} (29. Bh3 $17 {only move.} Qe8 30. a7+ Ka8 31. Ra6) 29... Bxh4 $1 {[%mdl 512]} 30. Kg1 ({But not} 30. Qxc6 $2 Bxg3+ 31. Kg1 Bxf2+ $1 {[%mdl 512]} 32. Kf1 Rh1+ $1 {[%mdl 512]} 33. Ke2 Qg4+ 34. Kd2 Bxe3+ $1 {[%mdl 512]} 35. Kc3 Rxc1+ $19) (30. gxh4 Rxh4+) 30... Bxg3 $2 (30... Rg6 $19 {and Black stays clearly on top.} 31. a7+ Ka8) 31. a7+ $17 {[#]} Ka8 (31... Kb7 $1 $17 {Strongly threatening ...Bh4.} 32. fxg3 Rg6) 32. Qxc6+ $11 ({Don't go for} 32. fxg3 $2 Bb7 $19) 32... Qxc6 33. Rxc6 Bf4 (33... Bh4 $11) 34. Raa6 ({Much worse is} 34. exf4 $6 exf4 35. Rb6 f3 $11) (34. Rb6 $16) 34... Rg7 {White must now prevent ...Rhg8.} 35. Kf1 $36 {[%mdl 2048] Hoping for Rd6. White is pushing.} Bg5 36. Rc5 Rf8 ({Black should try} 36... Rxa7 $14 37. Rxa7+ Kxa7) 37. Rxd5 $16 Bh4 (37... Rxa7 $16 38. Bxe4 Rxa6 39. Rxb5+ Ka7 40. Rb7+ Ka8) 38. Rd2 $18 Rxa7 39. Bxe4+ Kb8 40. Rb6+ Kc8 41. Rxb5 Ra1+ 42. Kg2 {Rc5+ would kill now.} Rg8+ $2 (42... Bd8 {is a better defense.} 43. Rxe5 Bc7) 43. Kh3 (43. Kh2 $142 Bd8 44. Rc2+ Kd7 45. Rxe5) 43... Be7 $2 (43... Bd8 44. Rxe5 Rag1) 44. Rc2+ {White is clearly winning.} Kd7 45. Bf5+ Ke8 {[%cal Ra1h1]} 46. Rb8+ Kf7 {[%cal Ra1h1] [#]} 47. Be6+ $1 {[%mdl 512]} Kxe6 {[%cal Ra1h1]} 48. Rxg8 Rb1 49. Re8 Kf7 50. Rb8 Bd6 51. Rb6 {Precision: White = 59%, Black = 41%.} 1-0

[Event "GEO chT Clubs 2017"]
[Site "Tbilisi"]
[Date "2017.12.01"]
[Round "3"]
[White "Tsomaia, Nikoloz"]
[Black "Maghalashvili, Davit"]
[Result "0-1"]
[WhiteElo "2206"]
[BlackElo "2496"]
[Annotator "TA"]
[PlyCount "80"]
[EventDate "2017.??.??"]
[EventCountry "GEO"]
[SourceTitle "playchess.com"]
[Source "ChessBase"]
[SourceQuality "1"]

{[%evp 13,80,-8,-2,-15,13,-9,1,-43,-50,-80,-83,-103,-47,-135,-129,-133,-128,-127,-95,-186,-179,-382,-414,-453,-441,-463,-458,-502,-350,-345,-310,-336,-252,-250,-245,-225,-212,-194,-167,-164,-164,-183,-188,-175,-142,-197,-204,-205,-203,-261,-268,-289,-293,-260,-275,-288,-296,-289,-283,-292,-264,-272,-253,-218,-249,-222,-238,-976,-975]} 1. e4 e6 2. d4 d5 3. exd5 exd5 4. Bd3 Nc6 5. c3 Bd6 6. h3 Nge7 7. Nf3 Bf5 {LiveBook: 5 Games. C01: French: Exchange Variation} (7... O-O 8. O-O Bf5 9. Bxf5 Nxf5 10. Qd3 Qd7 11. Re1 Rfe8 12. Rxe8+ Rxe8 13. Nbd2 Nfe7 14. Nf1 Qf5 15. Qxf5 Nxf5 {½-½ (31) Garma,C (2325)-Gomez,J (2463) Manila 2017}) 8. O-O Qd7 9. Re1 O-O-O {The position is equal.} 10. Qc2 f6 {[%cal Bf7f6,Bf6f5,Bf5f4,Bf4f3][%mdl 32]} 11. Nbd2 g5 12. Nf1 $146 ({Predecessor:} 12. g4 Bxd3 13. Qxd3 h5 14. Nxg5 fxg5 15. f3 hxg4 16. fxg4 Rh6 17. Kg2 Rdh8 18. Rh1 Ng6 19. Nf3 Rxh3 {½-½ (19) Munoz Perez,S-Garrido Fernandez,D San Sebastian 2002}) 12... h5 ({Black should try} 12... Rdg8 $17) 13. N3h2 (13. h4 $1 $15) 13... Rdg8 $17 14. Ng3 Bxd3 15. Qxd3 f5 16. Qe2 (16. Ne2 $17) 16... g4 $19 17. h4 $2 (17. hxg4 {was the only chance.} hxg4 18. Qe6) 17... f4 18. Ngf1 Nf5 19. Qe6 Nxh4 20. Qxd5 f3 21. g3 Nf5 {And now ...h4 would win.} 22. Bf4 Bxf4 23. Qxd7+ Kxd7 24. gxf4 Nce7 25. Re5 Nd6 26. Ng3 h4 27. Ne4 Nxe4 28. Rxe4 Rg7 $36 {[%mdl 2048] Black is on the roll.} 29. Rae1 {[#]} (29. d5 $17) 29... Nf5 $1 30. Re5 {[#]} Ng3 $1 {[%mdl 512]} 31. Rd5+ (31. fxg3 hxg3) 31... Kc8 32. Rg5 Rxg5 33. fxg5 {[%mdl 4096] Endgame KRN-KRN} Ne2+ 34. Kh1 g3 {[%csl Gf3][%cal Rg3g2]} 35. Nxf3 gxf2 36. Rd1 {next Kg2 is good for White.} Ng3+ 37. Kg2 f1=Q+ 38. Rxf1 Nxf1 39. Kxf1 h3 40. g6 $2 (40. Kg1) 40... Rf8 {Precision: White = 33%, Black = 73%.} 0-1

[Event "GEO chT Clubs 2017"]
[Site "Tbilisi"]
[Date "2017.12.01"]
[Round "3"]
[White "Kuchava, Ana"]
[Black "Arabidze, Meri"]
[Result "*"]
[WhiteElo "2164"]
[BlackElo "2378"]
[Annotator "TA"]
[PlyCount "109"]
[EventDate "2017.??.??"]
[EventCountry "GEO"]
[SourceTitle "playchess.com"]
[Source "ChessBase"]
[SourceQuality "1"]

{[%evp 9,109,-5,-5,-12,17,8,6,0,0,0,0,0,0,0,0,0,0,0,1,4,7,14,7,0,0,0,5,0,0,-8,0,-15,-12,-84,-22,-28,-18,-70,-41,-42,-32,-59,-25,-57,-57,-47,-50,-45,-43,-56,-56,-75,-70,-81,-42,-43,-37,-27,-43,-37,-30,-72,-61,-80,-62,-94,-93,-118,-117,-115,-116,-116,-118,-118,-120,-118,-117,-122,-118,-128,-123,-123,-117,-108,-102,-75,-73,-389,-83,-89,-85,-90,-83,-80,-21,-25,-8,-8,-8,-8,-4,-8]} 1. d4 d5 2. Nf3 Nf6 3. e3 c5 4. b3 cxd4 5. exd4 Bf5 6. Bb5+ {D04: Colle System} Nbd7 7. O-O e6 8. Bb2 (8. c4 {is interesting.} Be7 9. c5 O-O 10. Nc3 Ne4 11. Bb2) 8... Be7 $146 ({Predecessor:} 8... a6 9. Bd3 Bxd3 10. Qxd3 Be7 11. Nbd2 O-O 12. c4 dxc4 13. bxc4 {0-1 (58) Roy Chowdhury,S (2418)-Drozdovskij,Y (2567) Warsaw 2007}) 9. Bd3 Bxd3 10. Qxd3 O-O 11. Nbd2 Rc8 12. c4 dxc4 13. bxc4 Qc7 14. Qb3 Rfd8 15. Rfe1 Bd6 16. g3 Bf8 17. Rac1 b6 18. a4 h6 19. Nb1 Qd6 20. Na3 Qb4 21. Re3 {[#]} (21. Qc2 $11) 21... Nb8 (21... Qxb3 $1 $17 22. Rxb3 {[#]} e5 $1 {[%mdl 512]}) 22. Qxb4 $11 Bxb4 23. Rb3 (23. Kg2 $11) 23... Bxa3 (23... Be7 {looks sharper.} 24. Nb1 Nc6 25. Nbd2 Bb4 26. Rd3 Nd7) 24. Rxa3 Nc6 25. Re3 Na5 26. Ne5 Nd7 27. Nxd7 Rxd7 28. c5 Rc6 29. Rec3 Kh7 30. Rf3 Kg6 31. h4 Rd5 {[%cal Rb6c5]} 32. cxb6 Rxc1+ 33. Bxc1 axb6 $15 {[%mdl 4096] Endgame KRB-KRN} 34. Bb2 h5 35. Bc3 Nc6 36. Rf4 Rd7 37. Kg2 Ne7 38. Re4 Nd5 39. Bd2 Ra7 40. Re5 Rxa4 41. Rg5+ Kh7 42. Rxh5+ Kg8 {aiming for ...f6.} 43. Re5 Rxd4 44. Be1 b5 45. Re2 Rd1 46. Kf1 Nb4 47. Rd2 Rb1 48. Rd8+ Kh7 {Hoping for ...Nc2.} 49. Ke2 Nc6 50. Rd7 e5 {Strongly threatening ...Nd4+.} 51. Bd2 Kg8 ({Better is} 51... Nd4+ $17 52. Ke3 f6) 52. Be3 $11 e4 53. Rc7 {The position is equal.} Ne5 54. Re7 f6 55. Bd4 {Precision: White = 53%, Black = 68%.} *

[Event "GEO chT Clubs 2017"]
[Site "Tbilisi"]
[Date "2017.12.01"]
[Round "3"]
[White "Khmiadashvili, Tamar"]
[Black "Charkhalashvili, Inga"]
[Result "*"]
[WhiteElo "1982"]
[BlackElo "2355"]
[Annotator "TA"]
[PlyCount "111"]
[EventDate "2017.??.??"]
[EventCountry "GEO"]
[SourceTitle "playchess.com"]
[Source "ChessBase"]
[SourceQuality "1"]

{[%evp 13,111,7,4,-20,-7,-30,0,0,0,-8,0,-20,-21,-33,-32,-36,-24,-24,-27,-27,-17,-29,-28,-29,-22,-36,-22,-41,-20,-54,-41,-43,-35,-37,-36,-99,-99,-99,-99,-106,-104,-110,-99,-106,-52,-37,-41,-41,-53,-106,-98,-98,-83,-86,-83,-98,-60,-97,-93,-93,-51,-45,-49,-59,-59,-63,-15,-16,-15,-15,-15,-15,-15,-15,-15,-15,-15,-24,-21,-49,-37,-44,-37,-37,-37,-37,-37,-37,-37,-52,-37,-80,-80,-175,-81,-81,-62,-171,0,-158]} 1. e4 c6 2. Nc3 d5 3. Nf3 Bg4 4. Be2 e6 5. O-O Nf6 6. Ne5 {B11: Caro-Kann (Zweispringer-Variante)} (6. e5 Nfd7 7. d4 c5 8. Bg5 Qc8 9. Nb5 Nc6 10. c3 a6 11. Nd6+ Bxd6 12. exd6 O-O 13. Ne5 Bxe2 14. Qxe2 cxd4 15. Nxc6 Qxc6 {½-½ (60) Munoz Pantoja,M (2473)-Agrest,E (2593) Tallinn 2016}) 6... Bxe2 7. Qxe2 Be7 {LiveBook: 7 Partien} 8. exd5 cxd5 9. d4 Nc6 (9... O-O {looks sharper.} 10. Bg5 Qb6 11. Qd3 Rc8 12. Ne2 Qc7) 10. Nxc6 $146 ({Vorgänger:} 10. Qb5 Qc8 11. Bf4 O-O 12. Rad1 Nh5 13. Be3 {1-0 (48) Perez Mondejar,A (1734)-Alameda Arellano,C (1550) Madrid 2016}) 10... bxc6 11. Na4 O-O 12. Bd2 Nd7 13. f4 Bd6 14. Rf3 Qf6 15. Bc3 Qf5 16. Raf1 Rac8 17. b4 Nf6 18. Be1 Ne4 19. Nc5 Bxc5 20. bxc5 Qf6 21. c3 Qe7 22. f5 f6 $36 {[%mdl 2048] Schwarz hat Druck.} 23. fxe6 Qxe6 24. Bg3 {[#]} (24. Re3 $15) 24... Nxc5 $1 $17 {[%mdl 512]} 25. Qxe6+ (25. dxc5 Qxe2) 25... Nxe6 26. h4 Rfe8 27. Bd6 Red8 28. Bb4 Rb8 (28... Kf7 $17 29. Rf5 a6) 29. Re3 $15 Kf7 30. Rfe1 Re8 31. Kh2 {[#]} (31. g4 $15) 31... a5 $1 {[%mdl 512]} 32. Bxa5 Ra8 33. Bb4 Rxa2 34. Kg3 Ra7 35. Kf2 g6 36. g4 Ng7 37. Rxe8 Nxe8 {[%mdl 4096] Endspiel KTL-KTS} 38. Bc5 Rb7 39. Kf3 Ng7 40. Ra1 Ne6 41. Ra6 $1 Nxc5 42. dxc5 $11 {KT-KT} Rb3 43. Rxc6 Rxc3+ 44. Kf4 Rc4+ 45. Kf3 h6 46. Kg3 h5 47. gxh5 gxh5 48. Rc8 Kg6 49. c6 {[%cal Bc5c6,Bc6c7][%mdl 32]} Kf5 50. c7 $1 Rc3+ 51. Kf2 Kf4 52. Kg2 f5 53. Kh2 (53. Kf1 $17) 53... Rc1 (53... Rc2+ $19 {bietet bessere Gewinnchancen.} 54. Kg1 Kf3) 54. Kg2 $17 Rc2+ 55. Kh3 (55. Kf1 $15) 55... Rc3+ 56. Kh2 $1 {Precision: Weiß = 46%, Schwarz = 51%.} *

[Event "GEO chT Clubs 2017"]
[Site "Tbilisi"]
[Date "2017.12.01"]
[Round "3"]
[White "Siprashvili, Ivane"]
[Black "Paichadze, Luka"]
[Result "0-1"]
[WhiteElo "1962"]
[BlackElo "2580"]
[Annotator "TA"]
[PlyCount "78"]
[EventDate "2017.??.??"]
[EventCountry "GEO"]
[SourceTitle "playchess.com"]
[Source "ChessBase"]
[SourceQuality "1"]

{[%evp 15,78,-1,0,-9,0,0,0,0,0,0,-7,-76,-66,-76,-58,-79,-83,-102,-83,-79,-79,-86,-83,-104,-67,-79,-54,-46,-48,-137,-84,-102,-113,-143,-135,-136,-142,-164,-104,-238,-237,-208,-233,-341,-336,-317,-322,-552,-529,-517,-514,-849,-733,-1146,-1150,-1638,-1560,-29960,-29964,-29956,-29955,-5661,-1433,-5589,-5381]} 1. Nf3 Nf6 2. g3 e6 3. Bg2 b5 4. O-O Bb7 5. d3 d5 6. Nbd2 Be7 7. b3 O-O 8. Bb2 {A05: Réti Opening: 1 Nf3 Nf6} c5 {LiveBook: 8 Games} 9. Ne5 (9. Re1 Nc6 10. e4 d4 11. a3 e5 12. Nh4 g6 13. Bc1 Ne8 14. Ndf3 Nd6 {½-½ (53) Dzagnidze,N (2547)-Koneru,H (2589) Batumi 2012}) 9... Qc7 10. c4 $146 {The position is equal.} ({Predecessor:} 10. Rc1 Nbd7 11. Ndf3 Rac8 12. e3 Bd6 13. Nxd7 Nxd7 {½-½ (46) Meyer,M-Drescher,W Nickenich 1998}) 10... bxc4 11. dxc4 d4 {...Bxg2 is the strong threat.} 12. Bxb7 Qxb7 13. Qc2 (13. e3 $11 {keeps the balance.}) 13... Bd6 $17 14. Nd3 e5 15. f3 a5 16. Nf2 Nc6 {[%cal Bb8c6,Bc6e7,Be7g8,Bg8f6][%mdl 32]} 17. Nde4 Nxe4 18. Qxe4 Qc7 19. g4 Ne7 20. Nd3 Kh8 21. Bc1 Ng8 22. g5 (22. Bg5 $15) 22... Rae8 (22... f5 $142 23. gxf6 Nxf6) 23. Qh4 f5 24. gxf6 Nxf6 25. Nf2 {[#]} e4 $1 {[%mdl 512]} 26. fxe4 (26. Nxe4 Nxe4) 26... Qf7 (26... Re6 $19 27. Bg5 Rfe8) 27. Bf4 (27. Nd3 $17 {keeps fighting.}) 27... Qg6+ $19 ({Resist} 27... Nxe4 28. Bxd6 Nxd6 29. Nh3 $17) 28. Bg3 Re5 29. Qh3 (29. Nh3 $142) 29... Rg5 {[%cal Rd6g3]} ({Inferior is} 29... Nxe4 30. Nxe4 Rxe4 31. Rxf8+ Bxf8 32. Rf1 $11) 30. Nh1 Qxe4 31. Qg2 $2 (31. Rf3) 31... Qe3+ 32. Qf2 {intending Qxe3.} Qe8 33. Qf3 (33. Qg2 $142 h5 34. Rae1) 33... h5 34. h4 Rg4 35. Qxg4 Nxg4 36. Bxd6 Qe3+ 37. Kg2 Qxe2+ 38. Kg1 Rxf1+ 39. Rxf1 d3 {Precision: White = 47%, Black = 75%.} 0-1

[Event "GEO chT Clubs 2017"]
[Site "Tbilisi"]
[Date "2017.12.01"]
[Round "3"]
[White "Sanikidze, Salome"]
[Black "Khotenashvili, Bela"]
[Result "0-1"]
[WhiteElo "1876"]
[BlackElo "2455"]
[Annotator "TA"]
[PlyCount "48"]
[EventDate "2017.??.??"]
[EventCountry "GEO"]
[SourceTitle "playchess.com"]
[Source "ChessBase"]
[SourceQuality "1"]

{[%evp 15,48,20,24,22,18,12,34,14,39,10,0,-111,-116,-249,-259,-248,-180,-296,-258,-275,-283,-300,-292,-301,-295,-308,-291,-296,-296,-311,-318,-360,-352,-370,-353]} 1. d4 g6 2. e4 Bg7 3. Nc3 c6 4. f4 d5 5. e5 Nh6 6. Nf3 O-O 7. Be2 {B15: Caro-Kann: 3 Nc3: 3...g6 and 3...dxe4 4 Nxe4 Nf6 5 Nxf6+ exf6} Bg4 8. O-O f6 {LiveBook: 27 Games} 9. Nh4 {White has an edge.} (9. h3 Bxf3 10. Bxf3 e6 11. Ne2 c5 12. c4 Nc6 13. cxd5 exd5 14. dxc5 fxe5 15. Qxd5+ Kh8 16. fxe5 Nf5 17. Qxd8 Raxd8 18. Bf4 {1-0 (65) Saric,I (2660)-Anton Guijarro,D (2627) Almaty 2016}) 9... Bxe2 10. Nxe2 Nd7 $146 {[%cal Rf6e5,Bb8d7,Bd7e5,Be5f3][%mdl 32]} ({Predecessor:} 10... Qb6 11. Kh1 Na6 12. Nf3 Nf7 13. c3 fxe5 14. fxe5 c5 15. Be3 c4 {0-1 (35) Hommeles,T (2426)-Medvegy,Z (2522) Austria 2011}) 11. Ng3 fxe5 12. fxe5 Rxf1+ 13. Qxf1 {[#]} (13. Nxf1 $11 c5 14. Bxh6 Bxh6 15. Qg4) 13... Qb6 $1 $17 {[%cal Rb6d4]} 14. Nf3 (14. c3 $17 {keeps fighting.}) 14... Nxe5 $1 $19 15. c3 Rf8 {...Nxf3+ is the strong threat.} 16. Qe2 (16. Kh1 {was worth a try.} Nxf3 17. gxf3) 16... Nxf3+ 17. gxf3 e5 $1 18. Kg2 exd4 19. cxd4 Nf7 {[%cal Bh6f7,Bf7e5,Be5d3][%mdl 32]} 20. Rb1 Qxd4 21. b3 Qe5 22. Qxe5 Nxe5 23. f4 Nd3 24. Ne2 {[#]} g5 $1 {Precision: White = 48%, Black = 77%.} 0-1

[Event "GEO chT Clubs 2017"]
[Site "Tbilisi"]
[Date "2017.12.01"]
[Round "3"]
[White "Kikilashvili, Soso"]
[Black "Gelashvili, Tamaz"]
[Result "0-1"]
[WhiteElo "1875"]
[BlackElo "2556"]
[Annotator "TA"]
[PlyCount "62"]
[EventDate "2017.??.??"]
[EventCountry "GEO"]
[SourceTitle "playchess.com"]
[Source "ChessBase"]
[SourceQuality "1"]

{[%evp 9,62,10,12,15,28,21,28,0,0,0,0,-43,-38,-58,-38,-40,-41,-37,-26,-37,-29,-33,-25,-26,-31,-41,-49,-45,-27,-99,-104,-104,-106,-255,-250,-516,-258,-295,-237,-542,-525,-523,-502,-700,-694,-684,-667,-954,-943,-913,-907,-987,-998,-885,-893]} 1. b3 d5 2. Bb2 a5 (2... c5 3. Nf3 Nf6 4. e3 g6 5. Bxf6 exf6 6. c3 Nc6 7. d4 b6 8. Bb5 Bb7 9. O-O a6 10. Bd3 Bd6 11. Re1 O-O 12. g3 Qc7 {½-½ (73) Nakamura,H (2786)-Caruana,F (2802) chess.com INT 2017}) 3. e3 c6 4. f4 $146 ({Predecessor:} 4. Be2 Nf6 5. d3 e6 6. Nf3 a4 7. O-O a3 8. Bc1 b5 9. c3 b4 10. cxb4 Bxb4 {1-0 (39) Jobava,B (2683)-Gelashvili,T (2570) Ureki 2015}) 4... a4 5. b4 Nf6 6. a3 {A01: Nimzowitsch-Larsen Opening} Bf5 7. Nf3 Nbd7 8. Nd4 {White has an edge.} e6 9. Nxf5 exf5 10. Bd3 g6 $1 11. O-O Bg7 12. c4 dxc4 13. Bxc4 Nb6 14. Be2 O-O 15. Qc2 Ne4 16. Bxg7 Kxg7 17. g4 Qf6 18. Ra2 Rad8 $36 {[%mdl 2048] White is under pressure.} 19. g5 (19. gxf5 $11 {remains equal.} Qxf5 20. d3) 19... Qe6 $17 20. Bf3 Nc4 21. Bxe4 (21. Qc1 $17) 21... fxe4 $19 ({Less strong is} 21... Qxe4 22. Qxa4 Rd3 23. Qc2 $15) 22. Rf2 $2 (22. Qc1) 22... Rd3 {[#] And now ...Nxe3! would win.} 23. Nc3 Rfd8 24. Ne2 $2 (24. Qc1 {is more resistant.} b5 25. Re2) 24... Nxd2 {Hoping for ...Nf3+.Black is clearly winning.} 25. f5 Qe5 {White must now prevent ...Nf3+.} 26. Nf4 Nf3+ 27. Rxf3 exf3 28. Nxd3 Qxe3+ 29. Qf2 Qxg5+ (29... Rxd3 $2 30. f6+ Kg8 31. Qxe3 $17) 30. Qg3 Qxg3+ 31. hxg3 Rxd3 {Precision: White = 42%, Black = 76%.} 0-1

[Event "GEO chT Clubs 2017"]
[Site "Tbilisi"]
[Date "2017.12.01"]
[Round "3"]
[White "Bechvaia, Gabriel"]
[Black "Azaladze, Shota"]
[Result "0-1"]
[WhiteElo "1806"]
[BlackElo "2464"]
[Annotator "TA"]
[PlyCount "53"]
[EventDate "2017.??.??"]
[EventCountry "GEO"]
[SourceTitle "playchess.com"]
[Source "ChessBase"]
[SourceQuality "1"]

{[%evp 16,53,39,43,54,-76,-45,-38,-28,-37,-36,-162,-145,-152,-134,-136,-95,-99,-95,-98,-93,-96,-99,-108,-75,-74,-72,-75,-67,-151,-150,-194,-190,-220,-211,-220,-216,-493,-477,-735]} 1. d4 Nf6 2. c4 c5 3. d5 g6 4. Nc3 Bg7 5. e4 {[%cal Be2e4,Be4e5][%mdl 32]} O-O 6. Bd3 e6 {E70: King's Indian: Miscellaneous lines with 4 e4, including 5 Nge2 and 5 Bd3 0-0 6 Nge2} (6... d6 7. h3 e6 8. Nf3 exd5 9. exd5 Re8+ 10. Be3 Rxe3+ 11. fxe3 Qe7 12. O-O Nbd7 13. Qe2 b6 14. Bc2 Nh5 15. Rfe1 Ne5 16. g4 Nxf3+ 17. Qxf3 Nf6 18. Ba4 {1-0 (57) Navara,D (2737)-Morozevich,A (2675) Biel 2017}) 7. e5 Ne8 8. Nf3 d6 9. Bg5 {LiveBook: 8 Games} Qd7 10. Ne4 $146 (10. exd6 $14 Nxd6 11. O-O) ({Predecessor:} 10. h4 dxe5 11. h5 f5 12. hxg6 hxg6 13. dxe6 Qxe6 14. Bh6 {1-0 (36) Sivuk,V (2491)-Gritsenko,V (2211) Voronezh 2015}) 10... exd5 11. cxd5 dxe5 12. Nxc5 Qxd5 13. Be7 ({Better is} 13. Rc1 $15) 13... Nc6 $19 14. Bxf8 Bxf8 15. Ne4 Bb4+ {[%mdl 1024] Black has strong compensation.} 16. Kf1 f5 17. Qc2 Kg7 $1 $36 {[%mdl 2048] Black is in control.} 18. Nc3 Qc5 $1 19. Na4 Qe7 {...e4 is the strong threat.} 20. Bb5 Bd7 21. a3 {aiming for Bxc6.} Bd6 22. Rc1 {[#]} (22. h4 $15) 22... Rc8 $1 $17 23. Qd2 {[#]} e4 $1 {[%cal Re4f3]} 24. Bxc6 Rxc6 25. Rxc6 Bxc6 26. Qd4+ $2 (26. Ng1 {was forced.}) 26... Qf6 $19 27. Qd1 {Precision: White = 35%, Black = 87%.} (27. Qxf6+ $142 Nxf6 28. Nd4 Bxa4 29. g3) 0-1

[Event "GEO chT Clubs 2017"]
[Site "Tbilisi"]
[Date "2017.12.01"]
[Round "3"]
[White "Chanturia, Lasha"]
[Black "Pantsulaia, Levan"]
[Result "0-1"]
[WhiteElo "1793"]
[BlackElo "2591"]
[Annotator "TA"]
[PlyCount "58"]
[EventDate "2017.??.??"]
[EventCountry "GEO"]
[SourceTitle "playchess.com"]
[Source "ChessBase"]
[SourceQuality "1"]

{[%evp 9,58,16,32,-3,-1,-3,-5,-2,-2,-4,-4,0,6,15,10,14,9,8,50,30,94,78,89,47,55,21,21,-29,-25,-27,-29,-102,-101,-85,-89,-119,-128,-139,-116,-114,-108,-346,-354,-350,-336,-721,-712,-925,-909,-1179,-1168]} 1. b3 d5 2. Bb2 Bg4 3. Nf3 Bxf3 4. exf3 e6 5. f4 (5. g3 Nf6 6. Bg2 Be7 7. O-O c5 8. f4 Nc6 9. d3 O-O 10. Re1 Ne8 11. c4 Bf6 12. Nc3 Qa5 {0-1 (23) Eljanov,P (2720)-Najer,E (2699) Antalya 2017}) 5... c6 6. Bd3 $146 {A06: Réti Opening:1 Nf3 d5} ({Predecessor:} 6. d3 Qd7 7. Nd2 f6 8. Qh5+ g6 9. Qh3 Bg7 10. Nf3 Qe7 11. Be2 Nd7 12. O-O {½-½ (29) Fernandez Sierra,S-Rodriguez Ramos,S Norena 2001}) 6... Nd7 7. O-O Qc7 8. Qf3 {The position is equal.} Ngf6 9. c4 Bd6 10. cxd5 cxd5 11. Rc1 Qb8 12. g3 O-O 13. Nc3 Re8 14. Nb5 Bc5 (14... e5 $11 15. Bf5 (15. Nxd6 Qxd6 16. Bf1 Rad8 $11) 15... a6 16. Nxd6 Qxd6) 15. Bxf6 $1 $16 gxf6 16. Qh5 f5 17. Bxf5 (17. b4 $5 Bb6 18. a4 $14) 17... exf5 18. Qxf5 Qd8 19. Qxd5 a6 20. Nc3 (20. d4 $11 {keeps the balance.}) 20... Bf8 $17 21. Ne4 Qb6 22. Ng5 {[#]} Re7 $1 23. Rc4 Nf6 24. Qf5 Rd8 $40 {[%mdl 128] White is in trouble.} 25. d3 $2 (25. Nf3 $17) 25... Rd5 $19 ({Less strong is} 25... Re2 26. Ne4 $17) 26. Qh3 Rxd3 27. Rc8 $2 (27. Qf1 Qd6 28. Rcc1) 27... Rd2 {Black is clearly winning.} 28. Rf1 {[#]} Re1 $1 {[%mdl 512] ( -> ...Qxf2+)} 29. Qg2 (29. Rxe1 Qxf2+) 29... Rdd1 {Precision: White = 32%, Black = 72%.} 0-1